[Event "XXIX Memorial Edoardo Crespi A"]
[Site "Milano ITA"]
[Date "2008.12.08"]
[Round "4"]
[White "Massironi, Marco"]
[Black "Mastroddi, Emiliano"]
[Result "0-1"]
[WhiteElo "2169"]
[BlackElo "2069"]
[PlyCount "48"]
[EventDate "2008.12.06"]

1. e4 c6 2. d4 d5 3. Nc3 dxe4 4. Nxe4 Nf6 5. Nxf6+ gxf6 6. c3 Bf5 7. Nf3 e6 8.
g3 Bd6 9. Bg2 Qc7 10. Nh4 Bg6 11. f4 f5 12. O-O Nd7 13. Be3 Be7 14. c4 Nf6 15.
h3 Bh5 16. Qa4 O-O 17. Rac1 Rfd8 18. d5 Ne4 19. dxc6 bxc6 20. Kh2 Rd3 21. Rfe1
Bxh4 22. gxh4 Rxe3 23. Rxe3 Qxf4+ 24. Kh1 Qxe3 0-1

[Event "XXIX Memorial Edoardo Crespi A"]
[Site "Milano ITA"]
[Date "2008.12.08"]
[Round "4"]
[White "Morchiashvili, Bachana"]
[Black "Miatello, Alberto"]
[Result "1-0"]
[WhiteElo "2411"]
[BlackElo "2007"]
[PlyCount "45"]
[EventDate "2008.12.06"]

1. d4 Nf6 2. c4 g6 3. Nc3 Bg7 4. e4 d6 5. Nf3 O-O 6. h3 e5 7. d5 Na6 8. Bg5 h6
9. Be3 Qe8 10. Be2 Nh5 11. g3 f5 12. exf5 gxf5 13. Nh4 Nf6 14. Qc2 e4 15. O-O-O
Bd7 16. Qd2 Kh7 17. g4 fxg4 18. hxg4 Bxg4 19. Bxh6 e3 20. Bxe3 Bxe2 21. Qxe2
Kg8 22. Nf5 Ne4 23. Nxg7 1-0

[Event "XXIX Memorial Edoardo Crespi A"]
[Site "Milano ITA"]
[Date "2008.12.08"]
[Round "4"]
[White "Pedini, Dario"]
[Black "Iudicello, Giovanni"]
[Result "1-0"]
[WhiteElo "2123"]
[BlackElo "2183"]
[PlyCount "87"]
[EventDate "2008.12.06"]

1. e4 e5 2. Nf3 Nc6 3. Bb5 a6 4. Ba4 Nf6 5. O-O Be7 6. Bxc6 dxc6 7. d3 Nd7 8.
d4 exd4 9. Qxd4 O-O 10. Bf4 Nc5 11. Qe3 Ne6 12. Bg3 Bc5 13. Qe2 Qf6 14. c3 b5
15. Ne5 Nf4 16. Qf3 Qxe5 17. Bxf4 Qe7 18. Nd2 Be6 19. Rfe1 Rfd8 20. Qg3 Rd7 21.
Nf3 f6 22. h4 Qf7 23. a4 Bb3 24. a5 Rad8 25. Be3 Bd6 26. Bf4 Bc5 27. e5 Kh8 28.
Be3 Bxe3 29. Rxe3 Re7 30. Rae1 fxe5 31. Nxe5 Rxe5 32. Rxe5 h6 33. Re7 Qf6 34.
Qe5 Qf8 35. Re8 Rxe8 36. Qxe8 Kg8 37. g4 Bd5 38. Kh2 c5 39. Kg3 Bf7 40. Qxf8+
Kxf8 41. Kf4 Bd5 42. Ke5 Bf3 43. Rg1 Kf7 44. Rg3 1-0

[Event "XXIX Memorial Edoardo Crespi A"]
[Site "Milano ITA"]
[Date "2008.12.08"]
[Round "4"]
[White "Profumo, Alberto"]
[Black "Bonanno, Alessandro"]
[Result "1/2-1/2"]
[WhiteElo "2231"]
[BlackElo "2125"]
[PlyCount "107"]
[EventDate "2008.12.06"]

1. Nf3 Nf6 2. c4 g6 3. Nc3 Bg7 4. g3 O-O 5. Bg2 d6 6. d4 Nc6 7. O-O a6 8. h3
Rb8 9. e4 b5 10. cxb5 axb5 11. Re1 b4 12. Nd5 e6 13. Nxf6+ Bxf6 14. Bh6 Bg7 15.
Bxg7 Kxg7 16. Rc1 Ne7 17. Qc2 c6 18. Qd2 Qb6 19. e5 d5 20. b3 Ra8 21. Rc5 Bd7
22. g4 Ra7 23. Rec1 Rfa8 24. R1c2 Ra5 25. Ne1 Rxc5 26. Rxc5 Bc8 27. Nd3 Rb8 28.
Rc2 Qxd4 29. Qe3 Qxe3 30. fxe3 g5 31. e4 Rb6 32. Kf2 Ba6 33. Nc5 Bb5 34. Ke3
Ng6 35. Kd4 Nf4 36. Rf2 Rb8 37. Bf1 Bxf1 38. Rxf1 Ra8 39. exd5 cxd5 40. h4 Rxa2
41. hxg5 Nh3 42. Nd3 Nxg5 43. Nxb4 Rg2 44. Nc6 Rxg4+ 45. Kc5 Ne4+ 46. Kb6 Nd2
47. Rf2 Nxb3 48. Nd8 Nd4 49. Rxf7+ Kg8 50. Rf6 Rg6 51. Rxg6+ hxg6 52. Kc5 Nf5
53. Nxe6 Kf7 54. Ng5+ 1/2-1/2

[Event "XXIX Memorial Edoardo Crespi A"]
[Site "Milano ITA"]
[Date "2008.12.08"]
[Round "4"]
[White "Rettore, Ludwig"]
[Black "Barberi, Alessandro"]
[Result "1-0"]
[WhiteElo "2171"]
[BlackElo "2156"]
[PlyCount "56"]
[EventDate "2008.12.06"]

1. d4 g6 2. e4 Bg7 3. Nc3 d6 4. Be3 a6 5. Qd2 Nd7 6. f3 b5 7. h4 h6 8. O-O-O
Bb7 9. Kb1 Rc8 10. Nh3 c5 11. Nf2 c4 12. f4 b4 13. Ne2 c3 14. bxc3 Ngf6 15. Qd3
bxc3 16. Nxc3 Qc7 17. Bd2 Nb6 18. e5 Nfd5 19. Nce4 Qb8 20. Ka1 Nc4 21. Rb1 Nxd2
22. Qxd2 O-O 23. Bxa6 Rc7 24. c4 Nxf4 25. Qxf4 dxe5 26. dxe5 Qa7 27. Rxb7 Rxb7
28. Bxb7 Qxb7 1-0

[Event "XXIX Memorial Edoardo Crespi A"]
[Site "Milano ITA"]
[Date "2008.12.08"]
[Round "4"]
[White "Salvador, Roland"]
[Black "Kasparov, Sergey"]
[Result "1/2-1/2"]
[WhiteElo "2464"]
[BlackElo "2492"]
[PlyCount "111"]
[EventDate "2008.12.06"]

1. d4 Nf6 2. Nf3 c5 3. d5 d6 4. Nc3 g6 5. e4 Bg7 6. Bb5+ Bd7 7. a4 O-O 8. O-O
Bxb5 9. axb5 Nbd7 10. Qe2 Ne8 11. Bf4 Nb6 12. Rfe1 Nc7 13. Rad1 Qd7 14. e5 Rad8
15. Bg3 Qf5 16. Ne4 dxe5 17. c4 f6 18. Nxc5 Qc8 19. b4 a6 20. bxa6 Nxa6 21.
Nxa6 bxa6 22. Rc1 e6 23. dxe6 Qxe6 24. Qa2 Na8 25. Ra1 e4 26. Re2 f5 27. Rc1 h6
28. Bf4 g5 29. Bd2 Qf7 30. Ne1 Nc7 31. Nc2 f4 32. Be1 Rfe8 33. Qb3 Rd3 34. Qa2
Kh8 35. Rd2 Red8 36. Rcd1 Rxd2 37. Rxd2 Rxd2 38. Bxd2 Qd7 39. Ne1 Qd4 40. Qc2
Kg8 41. h3 Qe5 42. f3 e3 43. Nd3 Qf5 44. Bc3 Bf6 45. Bxf6 Qxf6 46. Nc5 Ne6 47.
Nxe6 Qxe6 48. Kf1 Kf8 49. Ke2 Qe5 50. Qb1 Qd4 51. Qc2 Qa1 52. Qf5+ Kg7 53. Qd7+
Kg6 54. Qe6+ Kg7 55. Qe7+ Kg6 56. Qe6+ 1/2-1/2

[Event "XXIX Memorial Edoardo Crespi A"]
[Site "Milano ITA"]
[Date "2008.12.08"]
[Round "4"]
[White "Sulashvili, Malkhaz"]
[Black "Tahirovic, Adnan"]
[Result "1-0"]
[WhiteElo "2495"]
[BlackElo "1938"]
[PlyCount "40"]
[EventDate "2008.12.06"]

1. d4 Nf6 2. c4 g6 3. g3 Bg7 4. Bg2 d6 5. Nf3 O-O 6. O-O Nbd7 7. Nc3 e5 8. e3
Nh5 9. b3 Re8 10. Qc2 f5 11. Bb2 e4 12. Nd2 c6 13. b4 Kh8 14. Rfe1 Nhf6 15. f4
h6 16. a4 Nh5 17. a5 Rg8 18. Nf1 g5 19. Rad1 Bf6 20. Kh1 20... b6 {...} 1-0

[Event "XXIX Memorial Edoardo Crespi A"]
[Site "Milano ITA"]
[Date "2008.12.08"]
[Round "4"]
[White "Trent, Lawrence"]
[Black "Solodovnichenko, Yuri"]
[Result "1/2-1/2"]
[WhiteElo "2470"]
[BlackElo "2590"]
[PlyCount "63"]
[EventDate "2008.12.06"]

1. d4 d5 2. Bf4 c5 3. e4 dxe4 4. d5 Nf6 5. Nc3 a6 6. Qe2 g6 7. O-O-O Bg7 8.
Nxe4 Nxe4 9. Qxe4 Bf5 10. Qe3 Nd7 11. d6 e5 12. Nf3 O-O 13. Bh6 Bxh6 14. Qxh6
Qf6 15. Be2 Rad8 16. h4 Qg7 17. Qe3 h6 18. Nd2 Be6 19. Ne4 c4 20. g4 b5 21. g5
h5 22. Rhg1 Rc8 23. Nf6+ Nxf6 24. gxf6 Qxf6 25. Bxh5 c3 26. b3 Bf5 27. Bg4 Bxg4
28. Rxg4 Rc6 29. h5 Rxd6 30. Rxd6 Qxd6 31. Qxc3 Qf6 32. Re4 1/2-1/2

[Event "XXIX Memorial Edoardo Crespi A"]
[Site "Milano ITA"]
[Date "2008.12.09"]
[Round "5"]
[White "Agrifoglio, Fabio"]
[Black "Brigati, Alessandro"]
[Result "0-1"]
[WhiteElo "1998"]
[BlackElo "2090"]
[PlyCount "90"]
[EventDate "2008.12.06"]

1. e4 d6 2. d4 Nf6 3. Nc3 g6 4. f4 Bg7 5. Nf3 O-O 6. h3 c5 7. Be3 cxd4 8. Nxd4
Nc6 9. Nxc6 bxc6 10. Bc4 Nxe4 11. Nxe4 d5 12. Nc5 dxc4 13. Qxd8 Rxd8 14. c3 Rb8
15. Na4 Rb7 16. g4 Be6 17. Rh2 Bd5 18. Rd1 e5 19. f5 gxf5 20. gxf5 h5 21. Nc5
Rb5 22. a4 Rbb8 23. Rhd2 Bf6 24. Ke2 Kh7 25. Rg1 Bh4 26. Na6 Rb7 27. Nc5 Rc7
28. a5 Rcc8 29. a6 Rg8 30. Rdd1 Rb8 31. Nb7 Rxg1 32. Rxg1 Be4 33. Bxa7 Ra8 34.
Bf2 Bd3+ 35. Ke3 Bxf2+ 36. Kxf2 Rxa6 37. Nd6 Ra2 38. Rg5 Rxb2+ 39. Kg1 Rb1+ 40.
Kh2 Rf1 41. h4 f6 42. Rg6 Rxf5 43. Rg2 Rf4 44. Ne8 Rxh4+ 45. Kg1 Rf4 0-1

[Event "XXIX Memorial Edoardo Crespi A"]
[Site "Milano ITA"]
[Date "2008.12.09"]
[Round "5"]
[White "Barberi, Alessandro"]
[Black "Garano, Nicola"]
[Result "0-1"]
[WhiteElo "2156"]
[BlackElo "2251"]
[PlyCount "112"]
[EventDate "2008.12.06"]

1. d4 Nf6 2. Nf3 c5 3. e3 g6 4. dxc5 Qa5+ 5. Bd2 Qxc5 6. b4 Qc7 7. Bc3 d5 8.
Be5 Qb6 9. Nc3 Be6 10. Nb5 Na6 11. Be2 Bg7 12. a3 Nh5 13. Nbd4 O-O 14. Rc1 Rac8
15. Nxe6 Qxe6 16. Bxg7 Nxg7 17. Qd4 Rc7 18. Qxa7 Rfc8 19. O-O Nf5 20. g4 Nd6
21. Qd4 Rxc2 22. Rxc2 Rxc2 23. Bd3 Ra2 24. Ng5 Qc8 25. b5 Nc5 26. Rc1 b6 27.
Rc3 h6 28. Nxf7 Ra1+ 29. Kg2 Kxf7 30. Rxc5 bxc5 31. Qxa1 Qxg4+ 32. Kh1 Qf3+ 33.
Kg1 c4 34. Bc2 Qg4+ 35. Kf1 Qh3+ 36. Kg1 Qg4+ 37. Kf1 d4 38. Qxd4 Qxd4 39. exd4
Nxb5 40. a4 Nxd4 41. a5 Nb5 42. Ke2 g5 43. Ke3 e5 44. Ba4 Nc7 45. Ke4 Ke6 46.
Bd1 Nb5 47. a6 Nd6+ 48. Ke3 Nb5 49. Ba4 Na7 50. Ke4 Nc8 51. Bc6 Nd6+ 52. Ke3
Nc8 53. Bb7 Na7 54. Ke4 c3 55. Kd3 Nb5 56. Bc6 c2 0-1

[Event "XXIX Memorial Edoardo Crespi A"]
[Site "Milano ITA"]
[Date "2008.12.09"]
[Round "5"]
[White "Barsov, Alexei"]
[Black "Morchiashvili, Bachana"]
[Result "1-0"]
[WhiteElo "2513"]
[BlackElo "2411"]
[PlyCount "67"]
[EventDate "2008.12.06"]

1. d4 Nf6 2. Nf3 e6 3. c4 b6 4. g3 Ba6 5. Qc2 Bb7 6. Bg2 c5 7. d5 exd5 8. cxd5
Bxd5 9. Nc3 Bc6 10. e4 Be7 11. Bf4 Na6 12. O-O-O Nb4 13. Qe2 O-O 14. a3 Qc8 15.
Ne5 d6 16. Nc4 Re8 17. Rhe1 Bb7 18. Bxd6 Nc6 19. Bxe7 Nd4 20. Rxd4 cxd4 21.
Bxf6 gxf6 22. Nd6 Qc7 23. Nf5 Kh8 24. Nxd4 Rac8 25. Kb1 Qe5 26. Nc2 b5 27. f4
Qe7 28. Nb4 a5 29. Nbd5 Qd8 30. Qxb5 Rb8 31. Qc5 Re6 32. Re2 Rc8 33. Qb5 Rb8
34. Rd2 1-0

[Event "XXIX Memorial Edoardo Crespi A"]
[Site "Milano ITA"]
[Date "2008.12.09"]
[Round "5"]
[White "Battistella, Stefano"]
[Black "Sulashvili, Malkhaz"]
[Result "1/2-1/2"]
[WhiteElo "2088"]
[BlackElo "2495"]
[PlyCount "108"]
[EventDate "2008.12.06"]

1. e4 c5 2. c3 e6 3. d4 Nf6 4. e5 Nd5 5. Nf3 cxd4 6. cxd4 Nc6 7. Bc4 Nb6 8. Bd3
d6 9. Qe2 dxe5 10. dxe5 Nd5 11. Nc3 Nxc3 12. bxc3 Be7 13. O-O O-O 14. Rd1 Qc7
15. Qe4 g6 16. Re1 Rd8 17. Bh6 Bd7 18. h4 Be8 19. h5 Rd5 20. hxg6 hxg6 21. Bc4
Rc5 22. Rad1 b5 23. Bb3 Rd8 24. Rxd8 Qxd8 25. Re3 Na5 26. Rd3 Qb8 27. Qf4 Nc4
28. Bxc4 Rxc4 29. Nd4 b4 30. Bg7 Rxd4 31. cxd4 Kxg7 32. Rh3 g5 33. Qh2 Qc7 34.
Rh7+ Kg6 35. Qh5+ Kf5 36. Qf3+ Kg6 37. Qh5+ Kf5 38. Qf3+ Kg6 39. Qe4+ f5 40.
exf6+ Kxf6 41. Rh6+ Kg7 42. Qh7+ Kf8 43. Rf6+ Bxf6 44. Qxc7 Be7 45. Qxa7 Bc6
46. Qb8+ Kf7 47. Qe5 Bd5 48. Qe2 Kf6 49. f3 Bd6 50. Kf2 Ke7 51. Ke1 Bg3+ 52.
Kd1 b3 53. axb3 Bxb3+ 54. Kd2 Bd5 1/2-1/2

[Event "XXIX Memorial Edoardo Crespi A"]
[Site "Milano ITA"]
[Date "2008.12.09"]
[Round "5"]
[White "Bonanno, Alessandro"]
[Black "Melotti, Dario"]
[Result "1/2-1/2"]
[WhiteElo "2125"]
[BlackElo "2085"]
[PlyCount "47"]
[EventDate "2008.12.06"]

1. e4 e6 2. d4 d5 3. Nc3 Nf6 4. e5 Nfd7 5. Nce2 c5 6. c3 cxd4 7. cxd4 f6 8. Nf4
Bb4+ 9. Bd2 Qb6 10. Bxb4 Qxb4+ 11. Qd2 Qxd2+ 12. Kxd2 Ke7 13. exf6+ gxf6 14.
Re1 Nb6 15. Nf3 Kd6 16. b3 a6 17. Nh5 Rf8 18. Bd3 Nc6 19. Bxh7 e5 20. Nxf6 Rxf6
21. dxe5+ Nxe5 22. Nxe5 Rxf2+ 23. Kd3 Be6 24. a4 1/2-1/2

[Event "XXIX Memorial Edoardo Crespi A"]
[Site "Milano ITA"]
[Date "2008.12.09"]
[Round "5"]
[White "Crippa, Gabriele"]
[Black "Calella, Sergio"]
[Result "1-0"]
[WhiteElo "2080"]
[BlackElo "2132"]
[PlyCount "53"]
[EventDate "2008.12.06"]

1. d4 Nf6 2. Nf3 c5 3. e3 b6 4. d5 Bb7 5. c4 d6 6. Nc3 g6 7. Be2 Bg7 8. e4 O-O
9. O-O Na6 10. Bf4 Nc7 11. Qd2 Re8 12. e5 Nh5 13. Bh6 Bh8 14. Ng5 Ng7 15. Bd3
dxe5 16. f4 f6 17. f5 gxf5 18. Bxf5 Nxf5 19. Rxf5 Bg7 20. Nge4 Bxh6 21. Qxh6
Rf8 22. Ng5 Rf7 23. Nxf7 Kxf7 24. Qxh7+ Ke8 25. Rd1 Bc8 26. Rxe5 Bg4 27. Qg8+
1-0

[Event "XXIX Memorial Edoardo Crespi A"]
[Site "Milano ITA"]
[Date "2008.12.09"]
[Round "5"]
[White "Damia, Angelo"]
[Black "Kasparova, Tatiana"]
[Result "1-0"]
[WhiteElo "2221"]
[BlackElo "2185"]
[PlyCount "75"]
[EventDate "2008.12.06"]

1. e4 c6 2. d4 d5 3. exd5 cxd5 4. Bd3 Nc6 5. c3 Nf6 6. Bg5 Bg4 7. f3 Bh5 8. Ne2
Bg6 9. Bxf6 gxf6 10. f4 Bxd3 11. Qxd3 Qd7 12. Nd2 O-O-O 13. O-O h5 14. b4 e6
15. Nb3 Bd6 16. a4 Kb8 17. Nc5 Qc7 18. Nc1 Rhg8 19. N1b3 Bxf4 20. Qb5 Bxh2+ 21.
Kh1 Ka8 22. Qxb7+ Qxb7 23. Nxb7 Kxb7 24. Kxh2 Rg6 25. b5 Ne7 26. Nc5+ Kc7 27.
a5 Rdg8 28. b6+ axb6 29. axb6+ Kc6 30. Rf2 Nf5 31. b7 Nd6 32. Ra6+ Kc7 33. Rxd6
Kxd6 34. Na6 Rg3 35. b8=Q+ Rxb8 36. Kxg3 Rb3 37. Rf3 Ke7 38. Nb4 1-0

[Event "XXIX Memorial Edoardo Crespi A"]
[Site "Milano ITA"]
[Date "2008.12.09"]
[Round "5"]
[White "Galli, Fabio"]
[Black "Bozzali, Ermanno"]
[Result "0-1"]
[WhiteElo "2052"]
[BlackElo "2154"]
[PlyCount "112"]
[EventDate "2008.12.06"]

1. c4 f5 2. g3 e5 3. Bg2 Nc6 4. e3 Nf6 5. Nc3 d6 6. Nge2 g6 7. O-O Bg7 8. d4
O-O 9. f3 Kh8 10. b3 Qe7 11. d5 Nd8 12. Bb2 Nf7 13. Qd2 g5 14. Rae1 Bd7 15. h3
Qd8 16. e4 f4 17. g4 Kg8 18. Nc1 Nh8 19. Nd3 Ng6 20. c5 Rf7 21. cxd6 cxd6 22.
Rc1 Bf8 23. Rc2 h5 24. Rf2 Nh4 25. Bh1 Be7 26. Kf1 Qf8 27. Rh2 Rc8 28. Qd1 Bd8
29. Bc1 hxg4 30. hxg4 Bb6 31. Bd2 Rh7 32. Be1 Bd4 33. Qc1 Be3 34. Qd1 Be8 35.
a4 a6 36. Nb1 Rxc2 37. Qxc2 Qe7 38. Nc3 Bb6 39. Nd1 Qd8 40. Qb2 Bd7 41. Qe2 Qc8
42. Qc2 Qd8 43. Bf2 Bxf2 44. Rxf2 Bc8 45. Qb2 Qb6 46. Qc3 Bd7 47. Rc2 Nf5 48.
gxf5 Rxh1+ 49. Ke2 Qg1 50. N1f2 g4 51. Rc1 gxf3+ 52. Kd2 Nxe4+ 53. Nxe4 Qe3+
54. Kc2 Rxc1+ 55. Nxc1 Qxe4+ 56. Kb2 Bxf5 0-1

[Event "XXIX Memorial Edoardo Crespi A"]
[Site "Milano ITA"]
[Date "2008.12.09"]
[Round "5"]
[White "Gamboa, Miguel"]
[Black "Facchetti, Gianni"]
[Result "0-1"]
[WhiteElo "2231"]
[BlackElo "2154"]
[PlyCount "92"]
[EventDate "2008.12.06"]

1. d4 Nf6 2. c4 e5 3. dxe5 Ng4 4. Nf3 Nc6 5. e3 Ngxe5 6. Be2 Be7 7. Nc3 d6 8.
O-O Nxf3+ 9. Bxf3 Ne5 10. Be2 c6 11. b3 O-O 12. Bb2 f6 13. Qc2 Qc7 14. Rad1 Be6
15. f4 Nf7 16. Bd3 h6 17. Rf3 Nh8 18. Rg3 Rf7 19. Bh7+ Kf8 20. f5 Bd7 21. Bg6
d5 22. cxd5 Bd6 23. Rf3 Bxh2+ 24. Kh1 Re7 25. Qd3 Nxg6 26. fxg6 Qe5 27. Ba3 Qh5
28. Bxe7+ Kxe7 29. Ne4 Bg3+ 30. Kg1 Qh2+ 31. Kf1 Qh1+ 32. Ke2 Qxg2+ 33. Nf2
Bxf2 34. Qe4+ Kd8 35. dxc6 Bg3+ 36. Kd3 Bxc6 37. Kc4+ Bd7 38. Rxd7+ Kxd7 39.
Qxb7+ Bc7 40. Qxa8 Qc2+ 41. Kb5 a6+ 42. Kb4 Bd6+ 43. Ka5 Qxa2+ 44. Kb6 Qxb3+
45. Kxa6 Qa4+ 46. Kb7 Qb5+ 0-1

[Event "XXIX Memorial Edoardo Crespi A"]
[Site "Milano ITA"]
[Date "2008.12.09"]
[Round "5"]
[White "Iudicello, Giovanni"]
[Black "Borin, Fabio"]
[Result "1-0"]
[WhiteElo "2183"]
[BlackElo "2130"]
[PlyCount "67"]
[EventDate "2008.12.06"]

1. e4 c5 2. Nf3 d6 3. d4 cxd4 4. Nxd4 Nf6 5. Nc3 g6 6. Be3 Bg7 7. Bc4 Nc6 8. f3
Qb6 9. Bb5 Qc7 10. Qd2 O-O 11. g4 Nxd4 12. Bxd4 Be6 13. h4 a6 14. Be2 b5 15. h5
b4 16. Nd5 Bxd5 17. exd5 Rfc8 18. hxg6 hxg6 19. g5 Nxd5 20. Bxg7 Kxg7 21. Qxd5
Qxc2 22. Qd4+ e5 23. Qxd6 Qf5 24. Qf6+ Qxf6 25. gxf6+ Kxf6 26. Bd3 Rc5 27. Kd2
Rd8 28. Ke3 Ra5 29. Bc4 Rc8 30. Bb3 Rac5 31. Rad1 R5c6 32. Rd7 R8c7 33. Rhd1
Kg7 34. Bxf7 1-0

[Event "XXIX Memorial Edoardo Crespi A"]
[Site "Milano ITA"]
[Date "2008.12.09"]
[Round "5"]
[White "Kasparov, Sergey"]
[Black "Bove, Alessandro"]
[Result "1-0"]
[WhiteElo "2492"]
[BlackElo "2246"]
[PlyCount "57"]
[EventDate "2008.12.06"]

1. d4 b6 2. e4 Bb7 3. Bd3 e6 4. Nf3 c5 5. O-O cxd4 6. Nxd4 Nc6 7. Nxc6 Bxc6 8.
c4 Qc7 9. Nc3 Nf6 10. Qe2 h5 11. h3 Bd6 12. f4 h4 13. e5 Bc5+ 14. Be3 Nh5 15.
Bxc5 bxc5 16. Qf2 Ng3 17. Qxc5 Nxf1 18. Nb5 Qb6 19. Qxb6 axb6 20. Nc7+ Ke7 21.
Nxa8 Ne3 22. Nxb6 Nxg2 23. Rf1 g5 24. fxg5 Rh5 25. Nc8+ Kd8 26. Nd6 Ne3 27.
Nxf7+ Ke7 28. Bg6 Nxf1 29. Kxf1 1-0

[Event "XXIX Memorial Edoardo Crespi A"]
[Site "Milano ITA"]
[Date "2008.12.09"]
[Round "5"]
[White "Ljubicic, Filip"]
[Black "Burlando, Alessandro"]
[Result "1-0"]
[WhiteElo "2415"]
[BlackElo "2162"]
[PlyCount "51"]
[EventDate "2008.12.06"]

1. e4 e6 2. d4 d5 3. Nc3 Bb4 4. Nge2 dxe4 5. a3 Be7 6. Nxe4 Nf6 7. N4c3 b6 8.
Nf4 Bb7 9. Bb5+ Nbd7 10. O-O O-O 11. Re1 c6 12. Bc4 Nd5 13. Ncxd5 exd5 14. Bd3
Nf6 15. Qf3 Re8 16. Bd2 Qd7 17. Nh5 Nxh5 18. Qxh5 g6 19. Qf3 Bf8 20. h4 Bg7 21.
c3 c5 22. Qf4 h5 23. Be3 Rac8 24. a4 c4 25. Bc2 a5 26. Qg3 {...} 1-0

[Event "XXIX Memorial Edoardo Crespi A"]
[Site "Milano ITA"]
[Date "2008.12.09"]
[Round "5"]
[White "Miatello, Alberto"]
[Black "Barlocco, Carlo"]
[Result "0-1"]
[WhiteElo "2007"]
[BlackElo "2144"]
[PlyCount "80"]
[EventDate "2008.12.06"]

1. e4 Nf6 2. e5 Nd5 3. c4 Nb6 4. b3 d6 5. exd6 Qxd6 6. d4 Qg6 7. Nf3 Nc6 8. d5
Qf6 9. dxc6 Qxa1 10. Qc2 Qf6 11. Bg5 Qxc6 12. Bd3 Bg4 13. Be4 Qd6 14. O-O Bxf3
15. Bxf3 Qg6 16. Qxg6 hxg6 17. Bxb7 Rd8 18. Bc6+ Nd7 19. Rd1 f6 20. Be3 a6 21.
Nc3 e6 22. c5 Ke7 23. Bb7 Nb8 24. c6 Rxd1+ 25. Nxd1 Kd6 26. Nc3 f5 27. f4 Be7
28. Bc1 e5 29. fxe5+ Kxe5 30. g3 g5 31. Ne2 Rd8 32. Be3 Rd5 33. Kg2 Rd8 34. h4
Ke4 35. Bxg5 Bxg5 36. hxg5 Rd2 37. Kf1 Kf3 38. Ng1+ Kxg3 39. Ne2+ Kf3 40. Ng1+
Ke3 0-1

[Event "XXIX Memorial Edoardo Crespi A"]
[Site "Milano ITA"]
[Date "2008.12.09"]
[Round "5"]
[White "Movsziszian, Karen"]
[Black "Drazic, Sinisa"]
[Result "1-0"]
[WhiteElo "2558"]
[BlackElo "2528"]
[PlyCount "93"]
[EventDate "2008.12.06"]

1. g3 d5 2. Bg2 g6 3. Nf3 Bg7 4. O-O Nf6 5. d3 O-O 6. c3 c5 7. Nbd2 Nc6 8. e4
e6 9. e5 Nd7 10. d4 cxd4 11. cxd4 Qb6 12. Nb3 a5 13. a4 Ra6 14. Re1 Qc7 15. Bd2
Ra8 16. h4 b6 17. h5 gxh5 18. Ng5 Ne7 19. Rc1 Qb8 20. Qxh5 h6 21. Nf3 Kh7 22.
Bf1 Ba6 23. Bxa6 Rxa6 24. Kg2 Qe8 25. Rc7 Qd8 26. Rh1 Ng8 27. Ng5+ Kh8 28. Qxf7
Qxc7 29. Qg6 Ndf6 30. exf6 Nxf6 31. Nxe6 Qe7 32. Nxf8 Qxf8 33. Bxh6 Kg8 34. Rc1
Ra7 35. Rc6 Rf7 36. Bxg7 Qxg7 37. Rc8+ Rf8 38. Qxg7+ Kxg7 39. Rxf8 Kxf8 40. Nd2
Ke7 41. Kf3 Ke6 42. Kf4 Ne8 43. Kg5 Nd6 44. g4 Nc4 45. Nxc4 dxc4 46. Kf4 b5 47.
Ke3 1-0

[Event "XXIX Memorial Edoardo Crespi A"]
[Site "Milano ITA"]
[Date "2008.12.09"]
[Round "5"]
[White "Nicolo', Filippo"]
[Black "Massironi, Marco"]
[Result "0-1"]
[WhiteElo "2094"]
[BlackElo "2169"]
[PlyCount "78"]
[EventDate "2008.12.06"]

1. e4 c5 2. f4 e6 3. Nf3 a6 4. g3 Nc6 5. Nc3 d6 6. Bg2 b5 7. O-O Nge7 8. d3 g6
9. e5 d5 10. Qe1 Nf5 11. g4 Nfd4 12. Nxd4 Nxd4 13. Qf2 Be7 14. Be3 Nc6 15. Bxc5
Bxc5 16. Qxc5 Bd7 17. f5 gxf5 18. gxf5 Qc7 19. fxe6 fxe6 20. a4 b4 21. Ne2 Qxe5
22. Rae1 O-O-O 23. c3 bxc3 24. bxc3 Qc7 25. Rb1 Ne5 26. Qd4 Rhg8 27. a5 Rg4 28.
Qe3 Rdg8 29. Rf2 R4g6 30. Nf4 Ng4 31. Qb6 Nxf2 32. Qxc7+ Kxc7 33. Nxg6 Nxd3 34.
Nh4 Rg4 35. Nf3 Nf4 36. Rb2 Kd6 37. Ne1 Bb5 38. Kf2 Rxg2+ 39. Nxg2 Nd3+ 0-1

[Event "XXIX Memorial Edoardo Crespi A"]
[Site "Milano ITA"]
[Date "2008.12.09"]
[Round "5"]
[White "Pucovski, Miroslav"]
[Black "Pedini, Dario"]
[Result "1/2-1/2"]
[WhiteElo "2343"]
[BlackElo "2123"]
[PlyCount "66"]
[EventDate "2008.12.06"]

1. e4 e5 2. Nf3 Nc6 3. Bc4 Be7 4. d4 d6 5. h3 Nf6 6. Nc3 O-O 7. O-O Nxe4 8.
Nxe4 d5 9. Bxd5 Qxd5 10. Nc3 Qd6 11. dxe5 Nxe5 12. Nxe5 Qxe5 13. Re1 Qd6 14.
Nd5 Be6 15. Bf4 Qxd5 16. Qxd5 Bxd5 17. Rxe7 c5 18. Bd6 Rfe8 19. Rxe8+ Rxe8 20.
Bxc5 a6 21. Be3 h5 22. b3 Bc6 23. Rd1 Re6 24. Kf1 f6 25. c3 Kf7 26. Rd8 g5 27.
Rh8 Kg6 28. Bd4 Be4 29. Rd8 Bb1 30. a3 Ba2 31. Rd7 b5 32. b4 Bc4+ 33. Kg1 h4
1/2-1/2

[Event "XXIX Memorial Edoardo Crespi A"]
[Site "Milano ITA"]
[Date "2008.12.09"]
[Round "5"]
[White "Salmoiraghi, Angelo"]
[Black "Profumo, Alberto"]
[Result "1/2-1/2"]
[WhiteElo "2122"]
[BlackElo "2231"]
[PlyCount "108"]
[EventDate "2008.12.06"]

1. e4 c6 2. d4 d5 3. Nc3 dxe4 4. Nxe4 Bf5 5. Ng3 Bg6 6. Bc4 e6 7. N1e2 Bd6 8.
h4 h6 9. Nf4 Bxf4 10. Bxf4 Nf6 11. Qe2 O-O 12. O-O-O b5 13. Bd3 Bxd3 14. Qxd3
Qd5 15. Kb1 Nbd7 16. f3 Nb6 17. Ne4 Nfd7 18. g4 f5 19. Nc3 Qc4 20. Qe3 Rac8 21.
Bd6 Rf7 22. g5 Nd5 23. Nxd5 Qxd5 24. Qf4 h5 25. g6 Rf6 26. Rhg1 Nf8 27. Bxf8
Kxf8 28. Rde1 Rd8 29. c3 b4 30. Qg5 Qxf3 31. Rxe6 Rxe6 32. Qxd8+ Re8 33. Qd7
Qe4+ 34. Kc1 Qe6 35. Qxe6 Rxe6 36. Rg5 bxc3 37. Rxf5+ Rf6 38. Rxf6+ gxf6 39.
bxc3 Kg7 40. Kd2 Kxg6 41. Ke3 Kf5 42. Kf3 a5 43. c4 a4 44. a3 c5 45. dxc5 Ke6
46. Ke4 Kd7 47. Kf5 Kc6 48. Kxf6 Kxc5 49. Kg6 Kxc4 50. Kxh5 Kb3 51. Kg6 Kxa3
52. h5 Ka2 53. h6 a3 54. h7 Kb1 1/2-1/2

[Event "XXIX Memorial Edoardo Crespi A"]
[Site "Milano ITA"]
[Date "2008.12.09"]
[Round "5"]
[White "Solodovnichenko, Yuri"]
[Black "Salvador, Roland"]
[Result "1-0"]
[WhiteElo "2590"]
[BlackElo "2464"]
[PlyCount "61"]
[EventDate "2008.12.06"]

1. e4 c5 2. Nf3 Nc6 3. Bb5 e6 4. Bxc6 bxc6 5. d3 f6 6. Nh4 g6 7. f4 f5 8. Nf3
fxe4 9. dxe4 Ba6 10. e5 Nh6 11. Nc3 Qb6 12. Ne4 O-O-O 13. c3 Be7 14. b3 c4 15.
b4 Nf5 16. Qe2 c5 17. bxc5 Bxc5 18. g4 Ne7 19. Nfg5 Nd5 20. Nxc5 Qxc5 21. Ne4
Qb6 22. a4 Kc7 23. a5 Qc6 24. O-O Rhf8 25. Ba3 Rxf4 26. Rab1 Rxf1+ 27. Qxf1 Nb4
28. Qe2 Rf8 29. Bxb4 Rf4 30. Bd6+ Kd8 31. Rf1 1-0

[Event "XXIX Memorial Edoardo Crespi A"]
[Site "Milano ITA"]
[Date "2008.12.09"]
[Round "5"]
[White "Stella, Andrea"]
[Black "Trent, Lawrence"]
[Result "1/2-1/2"]
[WhiteElo "2234"]
[BlackElo "2470"]
[PlyCount "56"]
[EventDate "2008.12.06"]

1. e4 e5 2. Bc4 Nf6 3. d3 c6 4. Nf3 d5 5. Bb3 a5 6. a3 a4 7. Ba2 Bd6 8. Nc3 Be6
9. O-O Nbd7 10. Bg5 Qb6 11. d4 Bg4 12. exd5 O-O 13. dxc6 bxc6 14. h3 Bxf3 15.
Qxf3 exd4 16. Bxf6 Nxf6 17. Ne4 Nxe4 18. Qxe4 Rae8 19. Qf3 g6 20. b3 Ra8 21.
bxa4 Rxa4 22. Bb3 Rxa3 23. Rxa3 Bxa3 24. Ra1 Bb4 25. Ra8 Qb7 26. Rxf8+ Bxf8 27.
Qe4 Qb4 28. Qxc6 Qe1+ 1/2-1/2